00536nam a2200157Ia 4500003000400000008004100004040001600045082002000061100002300081245008800104260004700192300001000239650004300249650003600292650005000328GCL140319s9999 xx 000 0 eng d aGCL / cGCL04a327.730567bJ W1 aJENTLESON, BRUCE W10aWITH FRIENDS LIKE THESE: REAGAN, BUSH AND SADDAM 1982 - 1990 / cJENTLESON, BRUCE W a[S.N] : bW.W.NORTON AND COMPANY ، c1994 a300 P04aUNITED STATES - FOREIGN RELATION -IRAQ04aIRAQ - FOREIGN RELATION - U.S.A04aUNITED STATES - FOREIGN RELATION -1982 - 1990